Statistiken für Berühmte Österreicher - Bildquiz

Klicken Sie hier um das Quiz zu spielen!

Allgemein

  • Dieses Quiz wurde 400 mal gespielt
  • Das Durchschnittsergebnis liegt bei 9 aus 15

Antwortstatistiken

Antwort% Korrekt
Wolfgang Amadeus Mozart
99%
Adolf Hitler
96%
Arnold Schwarzenegger
96%
Conchita Wurst
95%
Niki Lauda
93%
Sigmund Freud
89%
Gustav Klimt
74%
Maria Theresia
73%
Marie Antoinette
62%
Romy Schneider
58%
Kurt Waldheim
32%
Egon Schiele
28%
Fritz Lang
16%
Gustav Mahler
16%
Ludwig Wittgenstein
9%

Verteilung der Resultate

Perzentil nach korrekt beantworteten Fragen

Anzahl Personen mit jedem Resultat

Ihre Resultats-Entwicklung

Sie haben dieses Quiz noch nicht gespielt